Noms de pays divisés - Puzzle #3 - Statistiques

Statistiques générales
  • Ce quiz a été pris 16 116 fois
  • Le résultat moyen est 11 sur 20
Statistiques - réponses
Pays % Correct
ALG ER IE Algérie
98%
INDO NE SIE Indonésie
93%
AUS TRA LIE Australie
91%
MOZ AMB IQUE Mozambique
89%
JOR DA NIE Jordanie
87%
PHI LIPP INES Philippines
86%
COL OMB IE Colombie
73%
SEY CHEL LES Seychelles
69%
PA KI STAN Pakistan
65%
CA ME ROUN Cameroun
62%
ZA MB IE Zambie
62%
HO NG RIE Hongrie
53%
VI ET NAM Viêt Nam
41%
ETA TSU NIS États-Unis
39%
GU ATE MALA Guatemala
35%
SAL VA DOR Salvador
28%
BA HAM AS Bahamas
13%
GR ENA DE Grenade
13%
SAI NTMA RIN Saint-Marin
11%
TA IW AN Taïwan
8%
Aucun quiz correspondant
Distribution des résultats
% des personnes avec chaque résultat
Percentile par nombre de réponses
Votre historique - résultats
Vous n’avez pas pris ce quiz